[Event "23rd EUR-ch"]
[Site "Vrnjacka Banja SRB"]
[Date "2023.03.13"]
[Round "11.6"]
[White "Santos Latasa, Jaime"]
[Black "Dragnev, Valentin"]
[Result "1/2-1/2"]
[WhiteElo "2655"]
[BlackElo "2561"]
[EventDate "2023.03.03"]
[PlyCount "102"]

1.d4 d5 2.c4 e6 3.Nc3 c5 4.cxd5 cxd4 5.Qa4+ Bd7 6.Qxd4 exd5 7.Qxd5 Nf6 8.
Qb3 Na6 9.Nf3 Nc5 10.Qc2 Rc8 11.e3 Nce4 12.Bd3 Nxc3 13.bxc3 Nd5 14.Qb3 
Nxc3 15.O-O Ba4 16.Qxb7 Bc6 17.Qa6 Bxf3 18.gxf3 Bd6 19.Bf5 Rc7 20.f4 Qf6 
21.Bh3 O-O 22.Bb2 Qh6 23.Kg2 Rb8 24.Bxc3 Rxc3 25.Rac1 Qg6+ 26.Kh1 Rxc1 27.
Rxc1 Rb1 28.Rxb1 Qxb1+ 29.Kg2 Qe4+ 30.Kf1 Qb1+ 31.Ke2 Qc2+ 32.Kf3 Qc5 33.
Qb7 g6 34.Kg2 Qa3 35.Qd5 Qc5 36.Qd3 Qa3 37.Qe2 Qc5 38.Bg4 Bc7 39.h3 h6 40.
Qd3 Kg7 41.Bd1 Qc6+ 42.Bf3 Qf6 43.Bd5 Ba5 44.Qe4 Bb6 45.a4 a5 46.Qe8 g5 
47.f5 Qxf5 48.Qc6 Qf6 49.Qd7 Bc5 50.Qe8 Bb4 51.Qc6 Qxc6 1/2-1/2

[Event "23rd EUR-ch"]
[Site "Vrnjacka Banja SRB"]
[Date "2023.03.13"]
[Round "11.9"]
[White "Yuffa, Daniil"]
[Black "Gelfand, Boris"]
[Result "1/2-1/2"]
[WhiteElo "2605"]
[BlackElo "2674"]
[EventDate "2023.03.03"]
[PlyCount "59"]

1.e4 c5 2.Nf3 e6 3.d4 cxd4 4.Nxd4 Nf6 5.Bd3 Nc6 6.Nxc6 dxc6 7.O-O e5 8.a4 
Bc5 9.Nd2 Be6 10.Qe2 O-O 11.h3 Nd7 12.Nf3 h6 13.Bc4 Qe7 14.Bxe6 Qxe6 15.
Nh4 Nf6 16.Nf5 Rfd8 17.Be3 Bf8 18.Rfd1 Nxe4 19.Qg4 Ng5 20.Bxg5 hxg5 21.
Qxg5 Rd5 22.g4 g6 23.Rxd5 cxd5 24.Re1 Re8 25.Re3 Be7 26.Nxe7+ Qxe7 27.Qxe7
Rxe7 28.Rc3 Kg7 29.Rc5 d4 30.c3 1/2-1/2

[Event "23rd EUR-ch"]
[Site "Vrnjacka Banja SRB"]
[Date "2023.03.13"]
[Round "11.11"]
[White "Lupulescu, Constantin"]
[Black "Donchenko, Alexander"]
[Result "0-1"]
[WhiteElo "2580"]
[BlackElo "2653"]
[EventDate "2023.03.03"]
[PlyCount "58"]

1.c4 Nf6 2.Nc3 g6 3.d4 Bg7 4.e4 d6 5.Be2 O-O 6.Be3 Nc6 7.d5 Ne5 8.f4 Neg4 
9.Bc1 Nh6 10.Nf3 c6 11.a4 cxd5 12.exd5 Nf5 13.a5 e6 14.dxe6 Bxe6 15.Ng5 
Re8 16.Nxe6 Rxe6 17.O-O Qc7 18.Qd3 Rae8 19.Bf3 h5 20.Kh1 Ng4 21.Bxg4 hxg4 
22.Bd2 Qd8 23.Nd5 Qh4 24.Bc3 Re2 25.Kg1 Bxc3 26.bxc3 Kg7 27.Rab1 Rh8 28.h3
gxh3 29.Qxh3 Qg3 0-1

[Event "23rd EUR-ch"]
[Site "Vrnjacka Banja SRB"]
[Date "2023.03.13"]
[Round "11.12"]
[White "Gledura, Benjamin"]
[Black "Gumularz, Szymon"]
[Result "1/2-1/2"]
[WhiteElo "2637"]
[BlackElo "2558"]
[EventDate "2023.03.03"]
[PlyCount "49"]

1.Nf3 d5 2.g3 g6 3.Bg2 Bg7 4.d4 c6 5.c4 Nf6 6.cxd5 cxd5 7.Nc3 O-O 8.Ne5 e6
9.O-O Nfd7 10.Nf3 Nc6 11.Bf4 Nf6 12.Qd2 Ne4 13.Nxe4 dxe4 14.Ne5 Nxe5 15.
dxe5 Qxd2 16.Bxd2 Bxe5 17.Bxe4 Bd7 18.Be3 Rac8 19.Bxa7 Bc6 20.Bxc6 Rxc6 
21.Rfd1 Rc2 22.Rab1 Ra8 23.Be3 Rxb2 24.Rxb2 Bxb2 25.Rd2 1/2-1/2

[Event "23rd EUR-ch"]
[Site "Vrnjacka Banja SRB"]
[Date "2023.03.13"]
[Round "11.14"]
[White "Vocaturo, Daniele"]
[Black "Hovhannisian, Robert"]
[Result "1/2-1/2"]
[WhiteElo "2619"]
[BlackElo "2597"]
[EventDate "2023.03.03"]
[PlyCount "75"]

1.e4 e5 2.Nf3 Nc6 3.Bb5 Nf6 4.O-O Nxe4 5.Re1 Nd6 6.Bf1 Be7 7.Nc3 Nf5 8.d4 
Nfxd4 9.Nxe5 d6 10.Nxc6 Nxc6 11.Nd5 Be6 12.b4 Bf6 13.Rb1 O-O 14.Nxf6+ Qxf6
15.b5 Ne5 16.Rb4 Rfe8 17.h3 Bf5 18.Bb2 Qg6 19.Re3 f6 20.Qd5+ Be6 21.Qxb7 
Qxc2 22.Rc3 Qd1 23.Rc1 Qd5 24.Qxd5 Bxd5 25.Rxc7 Rec8 26.Rxc8+ Rxc8 27.a4 
Rc2 28.f3 Nd7 29.Bd4 Nc5 30.a5 Kf8 31.a6 Ke7 32.b6 axb6 33.Rxb6 Ra2 34.Bb5
Nd7 35.Bxd7 Kxd7 36.a7 Rxa7 37.Rxd6+ Kxd6 38.Bxa7 1/2-1/2

[Event "23rd EUR-ch"]
[Site "Vrnjacka Banja SRB"]
[Date "2023.03.13"]
[Round "11.15"]
[White "Svane, Frederik"]
[Black "Bjerre, Jonas Buhl"]
[Result "1/2-1/2"]
[WhiteElo "2577"]
[BlackElo "2608"]
[EventDate "2023.03.03"]
[PlyCount "62"]

1.e4 c5 2.c3 Nf6 3.e5 Nd5 4.Nf3 e6 5.d4 cxd4 6.cxd4 d6 7.Bc4 Be7 8.O-O O-O
9.Re1 Nc6 10.exd6 Qxd6 11.Nc3 Nf6 12.a3 a6 13.Ba2 Rd8 14.Be3 b5 15.Qe2 Bb7
16.Rad1 b4 17.Na4 bxa3 18.Nc5 Rab8 19.bxa3 Nd5 20.Bxd5 Qxd5 21.Bf4 Bd6 22.
Bxd6 Rxd6 23.Nxb7 Rxb7 24.Qxa6 Ne5 25.Qe2 Nxf3+ 26.Qxf3 Qxf3 27.gxf3 Ra7 
28.d5 Rxa3 29.dxe6 Rxd1 30.exf7+ Kxf7 31.Rxd1 Rxf3 1/2-1/2

[Event "23rd EUR-ch"]
[Site "Vrnjacka Banja SRB"]
[Date "2023.03.13"]
[Round "11.16"]
[White "Gurel, Ediz"]
[Black "Ivic, Velimir"]
[Result "1-0"]
[WhiteElo "2454"]
[BlackElo "2606"]
[EventDate "2023.03.03"]
[PlyCount "119"]

1.e4 e5 2.Nf3 Nc6 3.Bb5 a6 4.Bxc6 dxc6 5.O-O Qf6 6.d4 exd4 7.Bg5 Qd6 8.
Nxd4 Be7 9.Bxe7 Nxe7 10.Nc3 Bd7 11.Nb3 O-O-O 12.Qf3 Ng6 13.Rad1 Qe7 14.Qe3
Kb8 15.Nc5 Bc8 16.Nd3 Rhe8 17.Rfe1 f6 18.a4 a5 19.Rb1 Qf7 20.b4 Qc4 21.Rb3
Ne5 22.Nb2 Qd4 23.Qxd4 Rxd4 24.bxa5 Be6 25.Ra3 g5 26.f3 Red8 27.Ne2 Rd2 
28.Rc3 Ka7 29.Kf2 f5 30.h3 fxe4 31.fxe4 g4 32.h4 g3+ 33.Kxg3 Rg8+ 34.Kf4 
Ng6+ 35.Ke3 Rdd8 36.g3 Ne5 37.Nd3 Ng4+ 38.Kd2 Nh2 39.Rh1 Ng4 40.Rf1 Rge8 
41.Rc5 Bc8 42.Rf4 Ne5 43.h5 b6 44.axb6+ cxb6 45.Rc3 c5 46.Ke3 Ng4+ 47.Kf3 
Nh2+ 48.Kg2 Ng4 49.a5 bxa5 50.Rxc5 Kb6 51.Nc3 Be6 52.Rb5+ Kc7 53.Rxa5 Ne3+
54.Kf2 Nxc2 55.Rc5+ Kb8 56.Nd5 Rc8 57.Rb5+ Ka7 58.Nc5 Bxd5 59.exd5 Rf8 60.
Ne6 1-0

[Event "23rd EUR-ch"]
[Site "Vrnjacka Banja SRB"]
[Date "2023.03.13"]
[Round "11.17"]
[White "Kacharava, Nikolozi"]
[Black "Sargissian, Gabriel"]
[Result "1/2-1/2"]
[WhiteElo "2531"]
[BlackElo "2699"]
[EventDate "2023.03.03"]
[PlyCount "38"]

1.e4 e5 2.Nf3 Nc6 3.Nc3 Nf6 4.d4 exd4 5.Nxd4 Bb4 6.Nxc6 bxc6 7.Bd3 d5 8.
exd5 O-O 9.O-O cxd5 10.Bg5 c6 11.Qf3 Bd6 12.Rae1 Rb8 13.Nd1 h6 14.Bxf6 
Qxf6 15.Qxf6 gxf6 16.b3 Kg7 17.Ne3 Re8 18.Nf5+ Bxf5 19.Bxf5 Re5 1/2-1/2

[Event "23rd EUR-ch"]
[Site "Vrnjacka Banja SRB"]
[Date "2023.03.13"]
[Round "11.18"]
[White "Suleymanli, Aydin"]
[Black "Martirosian, Haik M."]
[Result "1/2-1/2"]
[WhiteElo "2552"]
[BlackElo "2686"]
[EventDate "2023.03.03"]
[PlyCount "40"]

1.c4 e5 2.g3 Nf6 3.Bg2 d5 4.cxd5 Nxd5 5.Nc3 Nb6 6.Nf3 Nc6 7.O-O Be7 8.b3 
O-O 9.Bb2 Bf5 10.Rc1 e4 11.Ne1 Bf6 12.d3 Nd5 13.Na4 Bxb2 14.Nxb2 Nf6 15.
dxe4 Bxe4 16.Qxd8 Raxd8 17.Ned3 Nd4 18.Rfe1 c6 19.Bxe4 Nxe4 20.f3 Nf6 
1/2-1/2

[Event "23rd EUR-ch"]
[Site "Vrnjacka Banja SRB"]
[Date "2023.03.13"]
[Round "11.19"]
[White "Navara, David"]
[Black "Murzin, Volodar"]
[Result "1/2-1/2"]
[WhiteElo "2685"]
[BlackElo "2554"]
[EventDate "2023.03.03"]
[PlyCount "135"]

1.e4 e6 2.d4 d5 3.Nc3 Nf6 4.e5 Nfd7 5.f4 c5 6.Nf3 Nc6 7.Be3 cxd4 8.Nxd4 
Qb6 9.Be2 Bc5 10.Na4 Qa5+ 11.c3 Nxd4 12.Bxd4 Bxd4 13.Qxd4 b6 14.Bd1 b5 15.
b4 Qc7 16.Nb2 Nb6 17.O-O O-O 18.Nd3 a5 19.Nc5 Nd7 20.Nb3 axb4 21.cxb4 Nb6 
22.Nc5 Nd7 23.Rc1 Nxc5 24.Rxc5 Qa7 25.Bb3 Bd7 26.g4 Rfc8 27.Rfc1 Qa3 28.
R1c3 Rxc5 29.Rxc5 Rc8 30.Rxc8+ Bxc8 31.Qc5 Bd7 32.Qc7 g6 33.Qc3 Qa7+ 34.
Kf1 d4 35.Qc5 Qb7 36.Qxd4 Qh1+ 37.Ke2 Qxh2+ 38.Kd3 Bc6 39.g5 Qh1 40.Kd2 
Bd5 41.Bxd5 exd5 42.e6 fxe6 43.Qe3 Kf7 44.Qa7+ Ke8 45.Qb8+ Ke7 46.Qc7+ Ke8
47.Qc6+ Ke7 48.Qc5+ Kd7 49.Qxb5+ Kd6 50.Qc5+ Kd7 51.Qa7+ Kc6 52.Qa6+ Kd7 
53.Qb7+ Kd6 54.Qb8+ Kd7 55.Qb7+ Kd8 56.Qb6+ Kd7 57.Qb5+ Kd8 58.Qb6+ Kd7 
59.b5 Qg2+ 60.Kc3 Qf3+ 61.Kb4 Qxf4+ 62.Ka5 Qc7 63.Qxc7+ Kxc7 64.a4 d4 65.
Kb4 e5 66.Kc4 Kb6 67.Kd3 Kc5 68.Ke4 1/2-1/2

[Event "23rd EUR-ch"]
[Site "Vrnjacka Banja SRB"]
[Date "2023.03.13"]
[Round "11.21"]
[White "Saric, Ivan"]
[Black "Kozak, Adam"]
[Result "1/2-1/2"]
[WhiteElo "2674"]
[BlackElo "2552"]
[EventDate "2023.03.03"]
[PlyCount "96"]

1.e4 e5 2.Nf3 Nc6 3.Bb5 Nf6 4.d3 Bc5 5.c3 O-O 6.O-O d5 7.Nbd2 dxe4 8.dxe4 
Qe7 9.Qc2 a5 10.a4 Nb8 11.Re1 c6 12.Bf1 Bg4 13.h3 Bh5 14.Nh4 Bg6 15.Ndf3 
Nbd7 16.Rb1 Kh8 17.Bd2 h6 18.b4 Bb6 19.g4 Bh7 20.Bg2 Rfe8 21.Re2 Qf8 22.
Rbe1 axb4 23.cxb4 c5 24.a5 Bd8 25.Rb1 Nd5 26.Qd1 N5f6 27.Qe1 cxb4 28.Bxb4 
Qg8 29.Nf5 b6 30.axb6 Nxb6 31.Qc3 Bxf5 32.exf5 Nbd5 33.Qc4 e4 34.Nd4 Bb6 
35.Be1 Rec8 36.Nc6 Qe8 37.Rc2 Rc7 38.Qb5 Rac8 39.Rbc1 Ne3 40.Qxb6 Nxc2 41.
Na7 Nd5 42.Qa5 Rxa7 43.Qxa7 Nf4 44.Bf1 Nd3 45.Bxd3 exd3 46.Bd2 Qe2 47.Qd7 
Rf8 48.Bc3 Qf3 1/2-1/2

[Event "23rd EUR-ch"]
[Site "Vrnjacka Banja SRB"]
[Date "2023.03.13"]
[Round "11.23"]
[White "Maurizzi, Marc`Andria"]
[Black "Cheparinov, Ivan"]
[Result "0-1"]
[WhiteElo "2535"]
[BlackElo "2661"]
[EventDate "2023.03.03"]
[PlyCount "156"]

1.e4 e5 2.Nf3 Nc6 3.d4 exd4 4.Bc4 Nf6 5.e5 d5 6.Bb5 Nd7 7.Bxc6 bxc6 8.O-O 
Be7 9.Nxd4 Nb8 10.Nc3 O-O 11.Qf3 a5 12.Bf4 Ra6 13.Rad1 Qd7 14.Rfe1 c5 15.
Nb3 d4 16.Ne4 Qc6 17.c3 a4 18.Nc1 Qg6 19.h3 Be6 20.cxd4 cxd4 21.Rxd4 Nc6 
22.Rdd1 Rb8 23.Re2 Rb4 24.Qe3 Rab6 25.Rdd2 Na5 26.Bg5 Bf8 27.Rd8 Nc6 28.
Ra8 Rxe4 29.Qxe4 Qxg5 30.f4 Qf5 31.Qxf5 Bxf5 32.g4 Bd7 33.Rd2 Rb8 34.Rxb8 
Nxb8 35.Nd3 Be7 36.Rc2 Na6 37.f5 Kf8 38.a3 Bb5 39.Nf4 Bg5 40.Ng2 Ke8 41.
Kf2 Be7 42.Nf4 Bc5+ 43.Kf3 Bd4 44.Ke4 c5 45.Ne2 Bxe2 46.Rxe2 Nc7 47.h4 Ke7
48.Rh2 Na8 49.g5 Nb6 50.f6+ gxf6 51.exf6+ Ke6 52.Re2 Nc4 53.Kf4+ Ne5 54.h5
Bxb2 55.Ke4 Bd4 56.Re1 Nc4 57.Kd3+ Ne5+ 58.Ke4 Nc4 59.Kd3+ Ne3 60.Rb1 Kf5 
61.Rb7 Ng4 62.Ra7 Ne5+ 63.Kc2 Kxg5 64.Rxa4 Kxh5 65.Ra8 Kg5 66.a4 h5 67.a5 
h4 68.a6 c4 69.Kd1 h3 70.Ke2 Kf4 71.Kf1 c3 72.Rc8 Kg3 73.Rxc3+ Nf3 74.Ke2 
Bxc3 75.a7 h2 76.a8=Q h1=Q 77.Qg8+ Kf4 78.Kd3 Bxf6 0-1

[Event "23rd EUR-ch"]
[Site "Vrnjacka Banja SRB"]
[Date "2023.03.13"]
[Round "11.24"]
[White "Ponomariov, Ruslan"]
[Black "Sebenik, Matej"]
[Result "1-0"]
[WhiteElo "2655"]
[BlackElo "2536"]
[EventDate "2023.03.03"]
[PlyCount "81"]

1.e4 c5 2.Nf3 Nc6 3.Bb5 e5 4.O-O Bd6 5.d3 Nf6 6.Bg5 a6 7.Bc4 Be7 8.a4 d6 
9.Nc3 O-O 10.Bxf6 Bxf6 11.Nd5 Rb8 12.c3 g6 13.Qd2 Bg7 14.Qg5 Qxg5 15.Nxg5 
h6 16.Nf3 b5 17.axb5 axb5 18.Bb3 Kh7 19.Ra2 f5 20.Rfa1 Bb7 21.h4 Bc8 22.
Ra8 Bb7 23.Rxb8 Rxb8 24.h5 fxe4 25.dxe4 gxh5 26.Nh4 c4 27.Bd1 b4 28.Bxh5 
bxc3 29.bxc3 Bf8 30.Nf5 Bc8 31.Be8 Bxf5 32.exf5 Ne7 33.Ra7 Kh8 34.Nxe7 
Rxe8 35.Nd5 e4 36.g4 Bg7 37.f6 Bf8 38.Kf1 Re5 39.Nf4 Kg8 40.Ke2 h5 41.g5 
1-0

[Event "23rd EUR-ch"]
[Site "Vrnjacka Banja SRB"]
[Date "2023.03.13"]
[Round "11.25"]
[White "Indjic, Aleksandar"]
[Black "Nasuta, Grzegorz"]
[Result "0-1"]
[WhiteElo "2636"]
[BlackElo "2535"]
[EventDate "2023.03.03"]
[PlyCount "74"]

1.d4 d5 2.c4 e6 3.Nf3 c6 4.Qc2 dxc4 5.Qxc4 Nf6 6.Bg5 Nbd7 7.Nbd2 h6 8.Bh4 
c5 9.e3 a6 10.Qc2 b6 11.Bd3 Bb7 12.Be4 Qc8 13.Bxb7 Qxb7 14.dxc5 Bxc5 15.
O-O O-O 16.Rad1 Rfc8 17.Qb1 b5 18.Bg3 a5 19.Ne5 Nb6 20.Ndf3 a4 21.Bh4 Nfd5
22.Rfe1 Bb4 23.e4 Nf4 24.Re3 Bc5 25.Ree1 Bb4 26.Re3 Nc4 27.Nxc4 bxc4 28.
Bg3 Nd3 29.Ne5 Bc5 30.Re2 Bxf2+ 31.Rxf2 Nxf2 32.Bxf2 a3 33.bxa3 Qxb1 34.
Rxb1 c3 35.Rc1 c2 36.Nd3 Rxa3 37.Nb4 Rd8 0-1

[Event "23rd EUR-ch"]
[Site "Vrnjacka Banja SRB"]
[Date "2023.03.13"]
[Round "11.26"]
[White "Stocek, Jiri"]
[Black "Rakhmanov, Alexander"]
[Result "0-1"]
[WhiteElo "2534"]
[BlackElo "2635"]
[EventDate "2023.03.03"]
[PlyCount "130"]

1.d4 Nf6 2.c4 d6 3.Nf3 g6 4.Nc3 Bf5 5.d5 Bg7 6.Nd4 Bd7 7.e4 O-O 8.Be2 c5 
9.Nc2 e5 10.dxe6 Bxe6 11.O-O Nc6 12.Bg5 Qb6 13.Rb1 Nd4 14.Ne3 Rae8 15.Bd3 
Qc6 16.f4 Bc8 17.Ned5 Nxd5 18.Nxd5 f6 19.Bh4 Be6 20.b4 b6 21.bxc5 dxc5 22.
Qd2 Kh8 23.Kh1 f5 24.Rbe1 Qd7 25.e5 Qf7 26.Ne3 Rb8 27.Nc2 Nc6 28.Na3 a6 
29.Rd1 Rfc8 30.h3 Kg8 31.Rfe1 Rc7 32.Bf1 Bf8 33.Qc3 Rcb7 34.Nc2 b5 35.Ne3 
Nd4 36.Qc1 Rb6 37.Qc3 R6b7 38.Qc1 Rc8 39.Nc2 Nxc2 40.Qxc2 bxc4 41.Bg5 Rcb8
42.Re2 Rd7 43.Red2 Rxd2 44.Rxd2 h6 45.Bf6 c3 46.Qxc3 Rb1 47.Qd3 Qb7 48.Rd1
Rxd1 49.Qxd1 c4 50.Be2 c3 51.Qa4 Qc8 52.Bd1 a5 53.Bb3 Bb4 54.a3 Bxb3 55.
Qxb3+ Kf8 56.Qc2 Bxa3 57.e6 Bb4 58.Kh2 Qc4 59.Be5 Ke7 60.Qa4 Qc8 61.Qc2 
Qc6 62.Qf2 Kxe6 63.Qh4 c2 64.Qf6+ Kd7 65.Qf7+ Be7 0-1

[Event "23rd EUR-ch"]
[Site "Vrnjacka Banja SRB"]
[Date "2023.03.13"]
[Round "11.27"]
[White "Petrosian, Manuel"]
[Black "Dvirnyy, Danyyil"]
[Result "1/2-1/2"]
[WhiteElo "2634"]
[BlackElo "2531"]
[EventDate "2023.03.03"]
[PlyCount "42"]

1.e4 c6 2.d4 d5 3.e5 Bf5 4.Nf3 e6 5.Be2 Nd7 6.O-O a5 7.a4 f6 8.Re1 fxe5 9.
dxe5 Bc5 10.Nbd2 Ne7 11.Nb3 Bb6 12.Nbd4 O-O 13.h3 Ng6 14.Nxf5 exf5 15.c4 
Ndxe5 16.cxd5 Qxd5 17.Qxd5+ cxd5 18.Nxe5 Nxe5 19.Bf4 Rfe8 20.Bxe5 Rxe5 21.
Bf3 Rae8 1/2-1/2

[Event "23rd EUR-ch"]
[Site "Vrnjacka Banja SRB"]
[Date "2023.03.13"]
[Round "11.28"]
[White "Sargsian, Shant"]
[Black "Gavrilescu, David"]
[Result "1-0"]
[WhiteElo "2630"]
[BlackElo "2527"]
[EventDate "2023.03.03"]
[PlyCount "73"]

1.e4 c5 2.Nf3 d6 3.d4 cxd4 4.Nxd4 Nf6 5.Nc3 a6 6.Be2 e5 7.Nb3 Be7 8.O-O 
O-O 9.Be3 Be6 10.Re1 Nc6 11.Bf3 Na5 12.Nxa5 Qxa5 13.Qd2 Qc7 14.a4 Rac8 15.
a5 h6 16.h3 Rfe8 17.Rec1 Qc4 18.Ra4 Qc6 19.Ra3 Qc4 20.Rb3 Bd8 21.Ra1 Qc6 
22.Rb4 Nh7 23.Qd3 Nf6 24.Nd5 Bxd5 25.exd5 Qxc2 26.Qxc2 Rxc2 27.Rxb7 e4 28.
Bd1 Rc7 29.Rb8 Nxd5 30.Bb6 Nxb6 31.axb6 Rc4 32.b7 Rb4 33.Rxa6 Kh7 34.Raa8 
Rxb2 35.Rxd8 Rxd8 36.Rxd8 Rxb7 37.Rxd6 1-0

[Event "23rd EUR-ch"]
[Site "Vrnjacka Banja SRB"]
[Date "2023.03.13"]
[Round "11.29"]
[White "Abasov, Nijat"]
[Black "Draskovic, Luka"]
[Result "1-0"]
[WhiteElo "2625"]
[BlackElo "2510"]
[EventDate "2023.03.03"]
[PlyCount "101"]

1.e4 d6 2.d4 Nf6 3.Nc3 e5 4.Nf3 Nbd7 5.g4 g6 6.g5 Nh5 7.Be3 Bg7 8.Qd2 O-O 
9.O-O-O Nb6 10.Rg1 Be6 11.b3 c6 12.dxe5 dxe5 13.Qxd8 Rfxd8 14.Rxd8+ Rxd8 
15.a4 Nc8 16.a5 a6 17.Na4 Nd6 18.Nc5 Bc8 19.Be2 Nb5 20.Rd1 Rxd1+ 21.Kxd1 
Nd6 22.Ne1 Nf4 23.Ned3 Nxd3 24.Bxd3 f5 25.gxf6 Bxf6 26.Ke2 Kf7 27.Bd2 Nb5 
28.Bc4+ Ke7 29.c3 g5 30.f3 h5 31.b4 Nd6 32.Bb3 g4 33.fxg4 Bxg4+ 34.Kd3 Bh3
35.Bh6 Bg2 36.Bd1 h4 37.Be3 h3 38.Bf2 Bg5 39.Bg3 Bf4 40.Bxf4 exf4 41.Bg4 
Bf1+ 42.Kd2 Bg2 43.Ke2 Kf6 44.Bf3 Nb5 45.Kf2 Nxc3 46.Bxg2 hxg2 47.Kxg2 Ke5
48.Kf3 Nb1 49.Nd3+ Kd4 50.e5 Nc3 51.e6 1-0

[Event "23rd EUR-ch"]
[Site "Vrnjacka Banja SRB"]
[Date "2023.03.13"]
[Round "11.30"]
[White "Kovalev, Vladislav"]
[Black "Yilmazyerli, Mert"]
[Result "0-1"]
[WhiteElo "2623"]
[BlackElo "2525"]
[EventDate "2023.03.03"]
[PlyCount "64"]

1.e4 e5 2.Nf3 Nf6 3.Nxe5 d6 4.Nf3 Nxe4 5.Nc3 Nxc3 6.dxc3 Be7 7.Be3 Nc6 8.
Qd2 Be6 9.O-O-O Qd7 10.Kb1 a6 11.h4 h6 12.Nd4 Nxd4 13.Bxd4 O-O 14.Be2 Rfe8
15.g4 Bf8 16.Be3 Bxg4 17.Bxg4 Qxg4 18.Rdg1 Qf3 19.Bxh6 Re2 20.Qc1 Rxf2 21.
h5 Kh7 22.Be3 Re2 23.Bd4 Rae8 24.c4 Qe4 25.Bc3 Qxc4 26.Qg5 R8e5 27.Qd8 Ra5
28.a3 Rxa3 29.bxa3 Qxc3 30.Rc1 Re5 31.Rh4 Qxa3 32.Rh3 Qxh3 0-1

[Event "23rd EUR-ch"]
[Site "Vrnjacka Banja SRB"]
[Date "2023.03.13"]
[Round "11.31"]
[White "Guliev, Namig"]
[Black "Kollars, Dmitrij"]
[Result "0-1"]
[WhiteElo "2528"]
[BlackElo "2618"]
[EventDate "2023.03.03"]
[PlyCount "166"]

1.e4 e5 2.Nf3 Nc6 3.Bc4 Nf6 4.Ng5 d5 5.exd5 Na5 6.Bb5+ c6 7.dxc6 bxc6 8.
Bd3 Nd5 9.Nf3 Bd6 10.O-O O-O 11.Re1 f5 12.Nxe5 Qf6 13.Nf3 g5 14.c4 Nf4 15.
Bf1 g4 16.d4 gxf3 17.Qxf3 Ne6 18.c5 Bc7 19.b4 Qxd4 20.Qc3 Qxc3 21.Nxc3 Nb7
22.Bc4 Kf7 23.Ba3 Rd8 24.Re3 Rd4 25.Bb3 Bd7 26.Rae1 Re8 27.b5 Nd8 28.Ne2 
Re4 29.Rd1 Bc8 30.Rxe4 fxe4 31.Nc3 cxb5 32.Nxb5 Kg6 33.Nxa7 Ba6 34.Ba4 Rg8
35.Bc2 Ng5 36.h4 Nh3+ 37.gxh3 Kf6+ 38.Kh1 Be2 39.Bb2+ Ke7 40.Nc8+ Ke8 41.
Nd6+ Bxd6 42.Ba4+ Kf8 43.Rxd6 Bf3+ 44.Kh2 Rg2+ 45.Kh1 Rg8+ 46.Kh2 Nf7 47.
Rb6 Rg2+ 48.Kh1 Rg3+ 49.Kh2 Rg2+ 50.Kh1 e3 51.fxe3 Rxb2+ 52.Kg1 Rg2+ 53.
Kf1 Rxa2 54.Bb3 Rb2 55.Bxf7 Rxb6 56.cxb6 Kxf7 57.Kf2 Bb7 58.Kg3 Ke6 59.Kg4
Kd6 60.Kg5 Be4 61.Kf4 Bd3 62.e4 Kc6 63.e5 Kxb6 64.Kg5 Kc7 65.Kf6 Kd7 66.h5
Ke8 67.h4 Kf8 68.h6 Bg6 69.Ke6 Ke8 70.Kf6 Kd7 71.e6+ Kd8 72.e7+ Ke8 73.Ke6
Bc2 74.Kf6 Bd3 75.Ke6 Bc4+ 76.Kf6 Bf7 77.Kg7 Bg6 78.h5 Bd3 79.Kf6 Bc2 80.
Ke6 Bd1 81.Kf6 Bxh5 82.Kg7 Bg6 83.Kf6 Kd7 0-1

[Event "23rd EUR-ch"]
[Site "Vrnjacka Banja SRB"]
[Date "2023.03.13"]
[Round "11.32"]
[White "Ter-Sahakyan, Samvel"]
[Black "Gadimbayli, Abdulla"]
[Result "1-0"]
[WhiteElo "2616"]
[BlackElo "2507"]
[EventDate "2023.03.03"]
[PlyCount "65"]

1.e4 e6 2.d4 d5 3.e5 c5 4.c3 Nc6 5.Nf3 Bd7 6.Be2 f6 7.O-O fxe5 8.Nxe5 Nxe5
9.dxe5 Qc7 10.Re1 O-O-O 11.Bf1 h6 12.a4 Ne7 13.Na3 Kb8 14.Nb5 Bxb5 15.axb5
Nc8 16.Qg4 Qf7 17.c4 h5 18.Qg3 d4 19.Ra3 Qd7 20.Rf3 Be7 21.Bd3 g5 22.Bxg5 
h4 23.Qf4 Bxg5 24.Qxg5 Rdg8 25.Qf6 Ne7 26.Rf4 h3 27.g3 a6 28.bxa6 bxa6 29.
Qf7 Kc7 30.Rf6 Nc6 31.Qxe6 Qxe6 32.Rxe6 Rb8 33.Be4 1-0

[Event "23rd EUR-ch"]
[Site "Vrnjacka Banja SRB"]
[Date "2023.03.13"]
[Round "11.33"]
[White "Horvath, Dominik"]
[Black "Warmerdam, Max"]
[Result "1/2-1/2"]
[WhiteElo "2521"]
[BlackElo "2614"]
[EventDate "2023.03.03"]
[PlyCount "82"]

1.d4 Nf6 2.c4 e6 3.Nc3 d5 4.cxd5 exd5 5.Bg5 c6 6.e3 Be6 7.Bd3 Nbd7 8.Nge2 
h6 9.Bh4 g5 10.Bg3 Nh5 11.Be5 Ng7 12.Bxg7 Bxg7 13.Ng3 Qe7 14.Nf5 Bxf5 15.
Bxf5 O-O-O 16.O-O Kb8 17.Rb1 c5 18.Nxd5 Qd6 19.Nc3 cxd4 20.Nb5 Qc5 21.Bxd7
Rxd7 22.Nxd4 Bxd4 23.exd4 Rxd4 24.Qb3 Qd5 25.Qxd5 Rxd5 26.Rfe1 Rhd8 27.Kf1
Rd2 28.Re2 a5 29.Ke1 R2d5 30.Rc1 R8d6 31.f3 Ka7 32.Rcc2 Ka6 33.Red2 Rxd2 
34.Rxd2 Rxd2 35.Kxd2 Kb5 36.Kd3 Kb4 37.Kd4 a4 38.g3 h5 39.f4 gxf4 40.gxf4 
a3 41.b3 f5 1/2-1/2

[Event "23rd EUR-ch"]
[Site "Vrnjacka Banja SRB"]
[Date "2023.03.13"]
[Round "11.34"]
[White "Bernadskiy, Vitaliy"]
[Black "Sousa, Andre Ventura"]
[Result "1-0"]
[WhiteElo "2611"]
[BlackElo "2464"]
[EventDate "2023.03.03"]
[PlyCount "87"]

1.e4 e5 2.Nf3 Nc6 3.Bb5 Nf6 4.d3 Bc5 5.c3 O-O 6.O-O d5 7.exd5 Qxd5 8.Bc4 
Qd8 9.Nbd2 h6 10.b4 Bd6 11.Re1 Re8 12.a3 Bf5 13.Ne4 Nxe4 14.dxe4 Be6 15.
Bxe6 Rxe6 16.Be3 Be7 17.Qe2 Qc8 18.Rad1 Bf6 19.g3 Ne7 20.c4 a6 21.h4 Qe8 
22.h5 Qa4 23.Rd3 a5 24.b5 Nc8 25.Rd7 Nd6 26.Rxc7 Bd8 27.Rc5 Bb6 28.Rxe5 
Bxe3 29.fxe3 Rxe5 30.Nxe5 Re8 31.Qd3 Rxe5 32.Qxd6 Rxh5 33.Qd8+ Kh7 34.Qd3 
Rc5 35.Rc1 b6 36.e5+ Kg8 37.Qc3 Rc8 38.Kf2 Rd8 39.Ke2 Kh8 40.Rc2 Re8 41.
Rd2 Rc8 42.Rd4 Kg8 43.Qd3 Kh8 44.c5 1-0

[Event "23rd EUR-ch"]
[Site "Vrnjacka Banja SRB"]
[Date "2023.03.13"]
[Round "11.35"]
[White "Bartel, Mateusz"]
[Black "Subelj, Jan"]
[Result "1/2-1/2"]
[WhiteElo "2609"]
[BlackElo "2496"]
[EventDate "2023.03.03"]
[PlyCount "91"]

1.e4 c5 2.Nc3 Nc6 3.Nge2 Nd4 4.d3 g6 5.h4 Nf6 6.e5 Ng4 7.Nxd4 cxd4 8.Qxg4 
dxc3 9.b3 d6 10.Qg3 dxe5 11.Qxe5 Rg8 12.Qb5+ Qd7 13.d4 a6 14.Qa5 Qxd4 15.
Be3 Qd8 16.Bb5+ Bd7 17.Bxd7+ Qxd7 18.Rd1 Qb5 19.Qc7 Bg7 20.Bc5 Bf6 21.Rh3 
Qc6 22.Qxc6+ bxc6 23.Bb6 g5 24.Bd4 Bxd4 25.Rxd4 Rd8 26.Rxd8+ Kxd8 27.Rxc3 
Kc7 28.h5 g4 29.Rc5 f6 30.Rf5 Rd8 31.Ke2 Kb6 32.Ke3 Rd1 33.Rf4 Rh1 34.Rxg4
Rxh5 35.Rg7 Re5+ 36.Kd3 h5 37.f4 Re1 38.a4 e5 39.Re7 Rd1+ 40.Ke2 Rc1 41.
fxe5 fxe5 42.Kd3 Re1 43.Rg7 h4 44.Rg4 Rh1 45.Rb4+ Kc5 46.Rg4 1/2-1/2

[Event "23rd EUR-ch"]
[Site "Vrnjacka Banja SRB"]
[Date "2023.03.13"]
[Round "11.36"]
[White "Safarli, Eltaj"]
[Black "Fromm, Marius"]
[Result "0-1"]
[WhiteElo "2608"]
[BlackElo "2428"]
[EventDate "2023.03.03"]
[PlyCount "128"]

1.e4 c5 2.Nf3 d6 3.d4 cxd4 4.Qxd4 Nc6 5.Qe3 g6 6.Nc3 Bg7 7.Bc4 Nf6 8.h3 
O-O 9.O-O Bd7 10.Rd1 Rc8 11.Qe2 Na5 12.Bb3 Qc7 13.e5 dxe5 14.Nxe5 Bf5 15.
Bf4 Nxb3 16.axb3 Qc5 17.Nc4 a6 18.Ne3 Be6 19.Qf3 Qc6 20.Qxc6 Rxc6 21.Be5 
Bh6 22.Bd4 Rfc8 23.Rd3 Kf8 24.b4 Bf4 25.Rad1 Ne8 26.Ncd5 Bxe3 27.Nxe3 f6 
28.b3 Kf7 29.c4 b5 30.c5 Rd8 31.g4 Rc7 32.Bc3 Rxd3 33.Rxd3 Rd7 34.Rxd7 
Bxd7 35.f4 Nc7 36.Kf2 Be6 37.Kf3 Bxb3 38.h4 Bd5+ 39.Kg3 Bc6 40.g5 Ke6 41.
Kf2 Be4 42.Ke2 Ne8 43.Kf2 Ng7 44.Ng4 Nh5 45.Ke3 Bd5 46.Bb2 Bg2 47.Nh6 f5 
48.Be5 Bc6 49.Kf2 Bd5 50.Bb8 Kd7 51.Be5 Kc6 52.Bb8 a5 53.bxa5 b4 54.Ke3 b3
55.Kd3 Kxc5 56.Kc3 Kb5 57.Bc7 Ng3 58.Kb2 Ne2 59.h5 Ng3 60.hxg6 hxg6 61.Bd8
Ne2 62.Bc7 Bc4 63.Ka3 Nd4 64.Kb2 Nc6 0-1

[Event "23rd EUR-ch"]
[Site "Vrnjacka Banja SRB"]
[Date "2023.03.13"]
[Round "11.37"]
[White "Djukic, Nikola"]
[Black "Mastrovasilis, Dimitrios"]
[Result "1/2-1/2"]
[WhiteElo "2514"]
[BlackElo "2599"]
[EventDate "2023.03.03"]
[PlyCount "51"]

1.e4 e5 2.Nf3 Nc6 3.Bb5 a6 4.Ba4 Nf6 5.O-O Nxe4 6.d4 b5 7.Bb3 d5 8.dxe5 
Be6 9.Nbd2 Nc5 10.c3 d4 11.Bxe6 Nxe6 12.cxd4 Ncxd4 13.a4 Bb4 14.axb5 Nxb5 
15.Qa4 c5 16.Nc4 O-O 17.Be3 Rb8 18.Rfd1 Nbd4 19.Bxd4 Nxd4 20.Nxd4 cxd4 21.
Qxa6 Qd5 22.Nb6 Qe6 23.Nc4 Qd5 24.Nb6 Qc6 25.Nc4 Qd5 26.Nb6 1/2-1/2

[Event "23rd EUR-ch"]
[Site "Vrnjacka Banja SRB"]
[Date "2023.03.13"]
[Round "11.38"]
[White "Wieczorek, Oskar"]
[Black "Iskandarov, Misratdin"]
[Result "1-0"]
[WhiteElo "2505"]
[BlackElo "2598"]
[EventDate "2023.03.03"]
[PlyCount "95"]

1.e4 c5 2.Nf3 Nc6 3.d4 cxd4 4.Nxd4 e6 5.Nc3 a6 6.Be2 Qc7 7.O-O Nf6 8.Be3 
Be7 9.f4 d6 10.a4 Bd7 11.Nb3 O-O 12.a5 Rac8 13.Bf3 Nb4 14.g4 d5 15.e5 Ne4 
16.Nxe4 dxe4 17.Bxe4 Bc6 18.Bb6 Qb8 19.Bxc6 Rxc6 20.c3 Nd5 21.Bd4 b5 22.
axb6 Rxb6 23.Bxb6 Qxb6+ 24.Nd4 Qxb2 25.Qc2 Qb6 26.Qd3 Bc5 27.Kh1 a5 28.
Rab1 Qc7 29.Nb5 Qe7 30.Qe4 Qh4 31.Qf3 a4 32.g5 h6 33.gxh6 Qxh6 34.Nd4 a3 
35.f5 Ne3 36.Rg1 exf5 37.Rg3 f4 38.Rh3 Qg6 39.Rg1 Qxg1+ 40.Kxg1 a2 41.Nb3 
Rb8 42.Qh5 Ng4+ 43.Kg2 Nh6 44.Qe2 Rxb3 45.Qxa2 Rb6 46.Qa8+ Kh7 47.Qd5 Rb2+
48.Kf1 1-0